Discographie de PLK - Statistiques

Statistiques générales
  • Ce quiz a été pris 2 367 fois
    2 177 depuis la dernière actualisation
  • Le résultat moyen est 57 sur 136
Statistiques - réponses
Hint Réponse % Correct
Mental Le P
97%
Polak Polak
85%
Chambre 140 (sans les *) 1€ / 1eu
83%
Platinum Copine
74%
Ténébreux Ténébreux
74%
2069' Demain
71%
Polak Émotif
71%
Mental Un peu de haine
71%
2069' Nouvelles
70%
Enna Pilote
70%
Polak Monégasque
68%
Enna BOOST Attentat
67%
Mental Mental
66%
Mental Problèmes
66%
Ténébreux All night
61%
Ténébreux Aimer
60%
Polak Dingue
59%
Polak Hier
59%
Enna On sait jamais
59%
Polak Bunkoeur
58%
Ténébreux Casino
58%
Mental Tout recommencer
58%
Polak Idiote
56%
Polak Intro
56%
2069' Pelo
56%
2069' 7/7
55%
2069' Cash
55%
Mental Hola
55%
Chambre 140 (sans les *) Il pleut à Paris
54%
Enna BOOST à la base
53%
Chambre 140 (sans les *) Faut pas
52%
Enna Pourtant
52%
Polak Waow
51%
2069' Décembre
50%
Platinum Dis moi oui
50%
Ténébreux Du mal
50%
Enna Bénef
49%
Enna BOOST Boost
49%
Enna BOOST Hubert et Saïd
49%
Mental Nana
49%
2069' Panama Bende
49%
2069' 10 Minutes
48%
Polak 250
48%
Enna Billet d'20
48%
Enna BOOST RAF
48%
Platinum AAA
47%
Chambre 140 (sans les *) Bikini Bottom
46%
Enna Chandon et Moët
46%
Polak Le sel
45%
2069' Pas de sentiments
45%
Chambre 140 (sans les *) Ca mène à rien
44%
Enna C'est mort
44%
Enna Dans les clips
44%
Platinum Go
44%
Chambre 140 (sans les *) Périph
44%
Enna Toutes générations
44%
Mental Arai
43%
Chambre 140 (sans les *) La nuit
43%
Ténébreux Pas ce soir
43%
Platinum Platinum
43%
Platinum 260
42%
Enna 3 en 1
42%
Chambre 140 (sans les *) En mieux
42%
Enna BOOST En ville
42%
Enna BOOST Incontrolables
42%
Platinum Pas les mêmes
42%
Mental Toute l'année
41%
Enna BOOST Amérique
40%
Enna Au fond d'ma tête
40%
Mental Cartelo
40%
Chambre 140 (sans les *) EA7
40%
Enna Terrible
40%
Ténébreux Yeux
40%
Chambre 140 (sans les *) Chambre 140
39%
Enna Les comptes
39%
Mental TT
39%
Enna Calme
38%
Chambre 140 (sans les *) Mignon tout plein
38%
Enna Alleluia
37%
Chambre 140 (sans les *) Chouchou
37%
Polak Ils nous comprennent pas
37%
Chambre 140 (sans les *) Onana
37%
Ténébreux Amigo
36%
Chambre 140 (sans les *) Gare du Nord
36%
Polak Weed
36%
Ténébreux Avec moi
35%
Enna Dégaine de bandit
35%
Chambre 140 (sans les *) Flash
35%
Polak Gozier
35%
Mental Ma génération
35%
Polak Sans suite
34%
Mental Corazon
33%
Chambre 140 (sans les *) Dangereux
33%
Platinum High
33%
Platinum Mentalité
33%
Enna BOOST 10 millions
32%
Polak Enfant du hall
32%
Mental RS3
32%
Mental Travailler
32%
Chambre 140 (sans les *) Une pêche une patate
32%
Ténébreux Fin de mois
31%
Platinum Flamenco
31%
Mental Meilleur cauchemar
31%
Chambre 140 (sans les *) Sun
31%
Enna La vie c'est marrant
30%
Chambre 140 (sans les *) Mon poto
30%
Polak Séparer
30%
Mental V2V
30%
Chambre 140 (sans les *) Ca fait longtemps
29%
Chambre 140 (sans les *) P*tain
29%
Mental Temps perdu
29%
Ténébreux Faut croire
28%
Platinum Izé
28%
Chambre 140 (sans les *) J'attends
28%
Enna BOOST Perdu
28%
Platinum Pas besoin
27%
Chambre 140 (sans les *) A l'envers
25%
Platinum Colis piégés
25%
Enna Mamie
25%
Enna BOOST Si ça marche plus
25%
Platinum Homies
24%
Chambre 140 (sans les *) Interlude
24%
Platinum LA rue
24%
Chambre 140 (sans les *) La vraie vie
24%
Chambre 140 (sans les *) Avec les miens
23%
Platinum C'est grave
23%
Platinum Niveau
23%
Mental Intro100000
22%
Polak Hiver
15%
2069' POL-AK (2069')
14%
2069' Vital
11%
Enna Dans ma tête
9%
Enna Tu connais pas nos vies
6%
Polak OIcho gvng
4%
Aucun quiz correspondant
Distribution des résultats
% des personnes avec chaque résultat
Percentile par nombre de réponses
Votre historique - résultats
Vous n’avez pas pris ce quiz depuis la dernière actualisation